<?xml version="1.0" encoding="UTF-8"?><?xml-stylesheet type="text/xsl" href="static/style.xsl"?><OAI-PMH xmlns="http://www.openarchives.org/OAI/2.0/" xmlns:xsi="http://www.w3.org/2001/XMLSchema-instance" xsi:schemaLocation="http://www.openarchives.org/OAI/2.0/ http://www.openarchives.org/OAI/2.0/OAI-PMH.xsd"><responseDate>2026-06-03T20:17:43Z</responseDate><request verb="GetRecord" identifier="oai:riuma.uma.es:10630/23891" metadataPrefix="marc">https://riuma.uma.es/rest/oai/request</request><GetRecord><record><header><identifier>oai:riuma.uma.es:10630/23891</identifier><datestamp>2026-02-03T11:09:21Z</datestamp><setSpec>com_10630_2254</setSpec><setSpec>col_10630_37953</setSpec></header><metadata><record xmlns="http://www.loc.gov/MARC21/slim" xmlns:dcterms="http://purl.org/dc/terms/" xmlns:doc="http://www.lyncode.com/xoai" xmlns:xsi="http://www.w3.org/2001/XMLSchema-instance" xsi:schemaLocation="http://www.loc.gov/MARC21/slim http://www.loc.gov/standards/marcxml/schema/MARC21slim.xsd">
   <leader>00925njm 22002777a 4500</leader>
   <datafield ind2=" " ind1=" " tag="042">
      <subfield code="a">dc</subfield>
   </datafield>
   <datafield ind2=" " ind1=" " tag="720">
      <subfield code="a">Troya-Castilla, Javier</subfield>
      <subfield code="e">author</subfield>
   </datafield>
   <datafield ind2=" " ind1=" " tag="720">
      <subfield code="a">Segura, Sergio</subfield>
      <subfield code="e">author</subfield>
   </datafield>
   <datafield ind2=" " ind1=" " tag="720">
      <subfield code="a">Burgueño-Caballero, Lola</subfield>
      <subfield code="e">author</subfield>
   </datafield>
   <datafield ind2=" " ind1=" " tag="720">
      <subfield code="a">Wimmer, Manuel</subfield>
      <subfield code="e">author</subfield>
   </datafield>
   <datafield ind2=" " ind1=" " tag="260">
      <subfield code="c">2022</subfield>
   </datafield>
   <datafield ind2=" " ind1=" " tag="520">
      <subfield code="a">Model transformations are the key technique in Model-Driven Engineering (MDE) to manipulate and construct models. As a consequence, the correctness of software systems built with MDE approaches relies mainly on the correctness of model transformations, and thus, detecting and locating bugs in model transformations have been popular research topics in recent years. This surge of work has led to a vast literature on model transformation testing and debugging, which makes it challenging to gain a comprehensive view of the current state of the art. &#xd;
This is an obstacle for newcomers to this topic and MDE practitioners to apply these approaches. This paper presents a survey on testing and debugging model transformations based on the analysis of \nPapers~papers on the topics. We explore the trends, advances, and evolution over the years, bringing together previously disparate streams of work and providing a comprehensive view of these thriving areas. In addition, we present a conceptual framework to understand and categorise the different proposals. Finally, we identify several open research challenges and propose specific action points for the model transformation community.</subfield>
   </datafield>
   <datafield ind1="8" ind2=" " tag="024">
      <subfield code="a">Javier Troya, Sergio Segura, Lola Burgueño, and Manuel Wimmer. 2022. Model Transformation Testing and Debugging: A Survey. ACM Comput. Surv. Just Accepted (February 2022). DOI:https://doi.org/10.1145/3523056</subfield>
   </datafield>
   <datafield ind1="8" ind2=" " tag="024">
      <subfield code="a">https://hdl.handle.net/10630/23891</subfield>
   </datafield>
   <datafield ind1="8" ind2=" " tag="024">
      <subfield code="a">https://doi.org/10.1145/3523056</subfield>
   </datafield>
   <datafield tag="653" ind2=" " ind1=" ">
      <subfield code="a">Ingeniería del software</subfield>
   </datafield>
   <datafield tag="653" ind2=" " ind1=" ">
      <subfield code="a">Soporte lógico de sistemas</subfield>
   </datafield>
   <datafield ind2="0" ind1="0" tag="245">
      <subfield code="a">Model Transformation Testing and Debugging: A Survey</subfield>
   </datafield>
</record>
</metadata></record></GetRecord></OAI-PMH>